Teória portfólia Teoretická časť

Význam rizikovej analýzy, ktorá je rozhodujúcim faktorom pri investičnom rozhodovaní. Definovanie a analyzovanie pojmu riziko. Rozdelenie pravdepodobnosti a očakávané miery návratnosti. Celkové riziko a trhové riziko. Analýza celkového rizika a aktíva držané izolovane. Analýza trhového rizika a aktí...

ver descrição completa

Na minha lista:
Detalhes bibliográficos
Autor principal: Šlahor, Ľudomír
Outros Autores: Trenčianska, Elena
Formato: Capítulo de Livro
Idioma:eslovaco
Assuntos:
Tags: Adicionar Tag
Sem tags, seja o primeiro a adicionar uma tag!

MARC

LEADER 00000naa a2200000 4500
001 r021108
005 20230809082052.8
041 0 |a slo 
044 |a SK 
245 1 0 |a Teória portfólia  |b Teoretická časť  |c Ľ. Šlahor, E. Trenčianska 
520 |a Význam rizikovej analýzy, ktorá je rozhodujúcim faktorom pri investičnom rozhodovaní. Definovanie a analyzovanie pojmu riziko. Rozdelenie pravdepodobnosti a očakávané miery návratnosti. Celkové riziko a trhové riziko. Analýza celkového rizika a aktíva držané izolovane. Analýza trhového rizika a aktíva držané v portfóliách. Efektívne portfóliá. Komponenty celkového rizika akcií. Výber optimálneho portfólia. 
610 2 0 |a portfólio 
610 2 0 |a riziko 
610 2 0 |a investovanie 
610 2 0 |a rozhodovanie 
610 2 0 |a akcie 
610 2 0 |a papiere cenné 
610 2 0 |a obligácie 
610 2 0 |a analýzy 
610 2 0 |a teória portfólia 
100 1 |a Šlahor, Ľudomír 
700 1 |a Trenčianska, Elena